000 01284nam a2200253 a 4500
999 _c447257
_d447257
003 BLK
005 20230727124044.0
008 220302b bu |||||r|||| 00| | bu d
040 _aBLK
041 _aBUL
_cBUL
080 _aСелскостопански машини и инструменти. Селскостопанско машиностроене
_b631.3
_x(497.215)(062)
_z631.3(497.215)(062)
139 _aЮбилейна научно-техническа конференция "15 години ИССМ"
_bЮ 12
245 _aЮбилейна научно-техническа конференция "15 години ИССМ"
_bПрограма на конференцията, резюмета на докладите
_h[Малотир. изд.]
260 _9441842
_aРусе
_c1978
300 _a65 с.
_c21 см
380 _a63
500 _aИзд. ИССМ-Русе ; Национална секция по селскостопанско машиностроене ; Окр съвет на НТС -Русе
653 0 _9471183
_aселскостопанско машиностроене
653 7 _9185374
_aдоклади
653 0 _9471146
_aпрограма
852 _bК
_cК 63/Ю 12
942 _cKNG
_n0
_s1
_01
944 _aCR
_c2022-03-07
_k30556
_lТеодора Пейчева-Дянкова